Devinez la Capitale Mystère #84 - Statistiques

Statistiques générales
  • Ce quiz a été pris 160 fois
  • Le résultat moyen est 27 sur 32
Statistiques - réponses
Type de Réponse Réponse % Correct
Lettre Bien Placée A
100%
Lettre Trouvée A
100%
Lettre de l'Alphabet I
100%
Lettre de l'Alphabet R
100%
Lettre de l'Alphabet P
99%
Lettre de l'Alphabet S
99%
Lettre de l'Alphabet B
98%
Lettre de l'Alphabet E
98%
Lettre de l'Alphabet N
98%
Lettre de l'Alphabet O
98%
Lettre de l'Alphabet L
97%
Lettre de l'Alphabet M
94%
Lettre de l'Alphabet G
91%
Lettre Trouvée D
90%
Lettre de l'Alphabet T
88%
Lettre de l'Alphabet U
88%
Lettre de l'Alphabet K
87%
Lettre de l'Alphabet H
85%
Lettre Trouvée C
84%
Lettre de l'Alphabet W
83%
Lettre de l'Alphabet V
78%
Lettre Bien Placée A
76%
Lettre de l'Alphabet X
76%
Lettre de l'Alphabet Y
76%
Lettre de l'Alphabet Z
74%
Lettre de l'Alphabet J
73%
Lettre Bien Placée C
72%
Lettre Bien Placée D
72%
Lettre Bien Placée C
71%
Lettre de l'Alphabet F
70%
Capitale Mystère Dacca
67%
Lettre de l'Alphabet Q
67%
Aucun quiz correspondant
Distribution des résultats
% des personnes avec chaque résultat
Percentile par nombre de réponses
Votre historique - résultats
Vous n’avez pas pris ce quiz